000 00288nam a2200121 a 4500
008 110519s1959|||| d
245 1 0 _aZáklady záhradníctva
044 _axo
_cSK
041 _aslo
020 _c17,40
100 1 _aKumšt, Kvetoslav
260 _bSVPL
_c1959
_aBratislava
999 _c19724
_d19724